[Event "7. Lichtenberger Sommer"]
[Site "Berlin"]
[Date "2008.08.19"]
[Round "4.1"]
[White "Bruchmann, Stephan"]
[Black "Rabiega, Robert"]
[Result "0-1"]
[WhiteElo "2292"]
[BlackElo "2552"]
[PlyCount "220"]
[EventDate "2008.??.??"]
[WhiteTeam "Sfrd. Berlin 1903 e.V."]
[BlackTeam "SK König Tegel 1949 e.V."]

1. e4 e5 2. Nf3 Nc6 3. Nc3 Nf6 4. Bb5 Bb4 5. O-O O-O 6. d3 d6 7. Ne2 h6 8. c3
Ba5 9. Ng3 Bd7 10. h3 Re8 11. Bxc6 Bxc6 12. a4 a6 13. b4 Bb6 14. a5 Ba7 15. c4
Bd7 16. Be3 c5 17. Qb3 b5 18. axb6 Bxb6 19. Rfb1 a5 20. bxa5 Bxa5 21. Bd2 Bxd2
22. Nxd2 Qc7 23. Rxa8 Rxa8 24. Ndf1 Ra4 25. Qb8+ Qxb8 26. Rxb8+ Kh7 27. Rb6 Ne8
28. Rb7 Be6 29. Rb8 Nc7 30. Rb6 Na6 31. Rxd6 Ra3 32. Rc6 Ra5 33. Rb6 Nb4 34.
Rb5 Ra2 35. Rxc5 Nxd3 36. Rc7 Nxf2 37. Ne3 Nd3 38. c5 Rc2 39. c6 Rc1+ 40. Kh2
Nf2 41. Ra7 Rxc6 42. Ra5 Rc3 43. Nd5 Rc1 44. Ne3 Rc3 45. Nd5 Rc1 46. Ne3 Nd3
47. Ne2 Re1 48. Ra3 Nf2 49. Ng3 g6 50. Nc2 Rc1 51. Nb4 Rb1 52. Nd3 Nxd3 53.
Rxd3 Re1 54. Rf3 Rc1 55. Rf2 h5 56. h4 Kg7 57. Rf1 Rc2 58. Rf3 Bd7 59. Re3 Kf6
60. Re2 Rc4 61. Kg1 Bc6 62. Kf2 Ke6 63. Re1 f5 64. exf5+ gxf5 65. Nxh5 Rxh4 66.
Rc1 Bd5 67. Ng7+ Kf6 68. Ne8+ Ke7 69. Rc5 Rd4 70. Ng7 Kd6 71. Ra5 Be4 72. Ne8+
Ke6 73. Ng7+ Kf7 74. Nh5 Bd5 75. Ke3 Re4+ 76. Kf2 Bc6 77. Ra6 Rc4 78. Ra5 Rc2+
79. Ke1 Ke6 80. Ng7+ Kf6 81. Nh5+ Kg5 82. Rxe5 Kxh5 83. Rxf5+ Kg4 84. Rf2 Rc1+
85. Kd2 Rg1 86. Ke3 Bxg2 87. Rf8 Re1+ 88. Kd3 Ra1 89. Ke3 Ra4 90. Rf7 Bd5 91.
Rf8 Be6 92. Rf6 Bf5 93. Rf8 Re4+ 94. Kd2 Kf4 95. Rf7 Re5 96. Rf8 Rc5 97. Re8
Rc2+ 98. Kd1 Rh2 99. Kc1 Be4 100. Rb8 Ke3 101. Rc8 Bd3 102. Re8+ Kd4 103. Kd1
Rf2 104. Kc1 Rg2 105. Kd1 Be4 106. Ke1 Ke3 107. Kf1 Rf2+ 108. Ke1 Re2+ 109. Kf1
Rh2 110. Rg8 Ra2 0-1

[Event "7. Lichtenberger Sommer"]
[Site "Berlin"]
[Date "2008.08.19"]
[Round "4.2"]
[White "Meister, Jakob"]
[Black "Muse, Drazen"]
[Result "1-0"]
[WhiteElo "2487"]
[BlackElo "2369"]
[PlyCount "89"]
[EventDate "2008.??.??"]
[WhiteTeam "SK Zehlendorf e.V."]
[BlackTeam "SK König Tegel 1949 e.V."]

1. e4 d5 2. Nc3 dxe4 3. Nxe4 Nd7 4. Bc4 Ngf6 5. Bxf7+ Kxf7 6. Ng5+ Kg8 7. Ne6
Qe8 8. Nxc7 Qd8 9. Nxa8 b6 10. Qf3 Nc5 11. b4 Bg4 12. Qg3 Ne6 13. Bb2 Qxa8 14.
d3 h5 15. h3 h4 16. Qe3 Bf5 17. Qf3 Qd5 18. a3 Rh6 19. Qxd5 Nxd5 20. Nf3 Nef4
21. O-O g5 22. Rfe1 g4 23. hxg4 Bxg4 24. Ne5 Bc8 25. Kh2 Bg7 26. Rad1 Rh5 27.
c4 Nf6 28. f3 Rg5 29. Rd2 Bb7 30. d4 e6 31. b5 N6h5 32. Nc6 Bf8 33. Re5 Rg6 34.
c5 Ng3 35. Rc2 h3 36. Bc1 Nd3 37. Rg5 Nf1+ 38. Kxh3 Rxg5 39. Bxg5 bxc5 40. dxc5
Bxc5 41. a4 e5 42. Nxe5 Nf2+ 43. Kh4 Bd4 44. Rc7 Bd5 45. Nc6 1-0

[Event "7. Lichtenberger Sommer"]
[Site "Berlin"]
[Date "2008.08.19"]
[Round "4.3"]
[White "Plump, Detlef"]
[Black "Kraemer, Martin"]
[Result "0-1"]
[WhiteElo "2263"]
[BlackElo "2456"]
[PlyCount "68"]
[EventDate "2008.??.??"]
[WhiteTeam "Chessclub York"]
[BlackTeam "Sfrd. Berlin 1903 e.V."]

1. e4 c5 2. Nf3 d6 3. d4 cxd4 4. Nxd4 Nf6 5. Nc3 a6 6. a4 e6 7. Be2 Nc6 8. O-O
Be7 9. Be3 O-O 10. f4 Qc7 11. Nb3 b6 12. Bf3 Rb8 13. Qe2 Na5 14. Nd2 Bb7 15.
Kh1 Rfc8 16. Rfe1 Nd7 17. Bf2 Bf6 18. Ra3 Nc6 19. Qd1 Nd4 20. Bg4 Ba8 21. Nf3
Nxf3 22. Bxf3 Be7 23. Ra1 Nc5 24. Qe2 Bf6 25. Nd1 Bc6 26. Bxc5 bxc5 27. Qxa6 d5
28. e5 c4 29. Nc3 Ra8 30. Nb5 Bxb5 31. Qxb5 Rcb8 32. Bxd5 Rxb5 33. axb5 Rxa1
34. Rxa1 exd5 0-1

[Event "7. Lichtenberger Sommer"]
[Site "Berlin"]
[Date "2008.08.19"]
[Round "4.4"]
[White "Kalinitschew, Sergey"]
[Black "Struk, Jerzy"]
[Result "1/2-1/2"]
[WhiteElo "2456"]
[BlackElo "2164"]
[PlyCount "78"]
[EventDate "2008.??.??"]
[WhiteTeam "SC Kreuzberg e.V."]

1. d4 d5 2. c4 e6 3. Nc3 Be7 4. Nf3 Nf6 5. Bf4 O-O 6. e3 Nbd7 7. cxd5 Nxd5 8.
Nxd5 exd5 9. Bd3 c5 10. O-O c4 11. Bb1 Nf6 12. Ne5 Be6 13. a4 Qb6 14. Ra2 a5
15. Bg5 Rfe8 16. f4 Qb3 17. Qxb3 cxb3 18. Ra1 Bd6 19. f5 Bc8 20. Bxf6 gxf6 21.
Ng4 Kg7 22. Rf3 Bd7 23. Bd3 b5 24. axb5 a4 25. Nf2 Reb8 26. e4 Bxb5 27. exd5
Bxd3 28. Rxd3 Rb5 29. Ne4 Rxd5 30. Nxd6 Rxd6 31. Kf2 Rd5 32. g4 Rc8 33. Rxa4
Rc2+ 34. Ke3 Rxb2 35. h3 Rb5 36. Ra1 Rh2 37. Ke4 b2 38. Rb1 Rc2 39. Rdd1 Rb3
1/2-1/2

[Event "7. Lichtenberger Sommer"]
[Site "Berlin"]
[Date "2008.08.19"]
[Round "4.5"]
[White "Bruedigam, Martin"]
[Black "Richter, Michael"]
[Result "0-1"]
[WhiteElo "2218"]
[BlackElo "2422"]
[PlyCount "40"]
[EventDate "2008.??.??"]
[WhiteTeam "USV Potsdam e.V., Abt. Schach"]
[BlackTeam "SC Kreuzberg e.V."]

1. e4 c5 2. Nf3 Nc6 3. Nc3 e5 4. Bc4 Be7 5. d3 Nf6 6. Ng5 O-O 7. O-O Nd4 8. f4
exf4 9. e5 Ne8 10. Nge4 f3 11. gxf3 d6 12. f4 Bh3 13. Re1 Qd7 14. Nf2 Bh4 15.
Bd5 Bxf2+ 16. Kxf2 dxe5 17. Rxe5 Nf6 18. Rg5 h6 19. Rg3 Bg4 20. Ne4 Nxe4+ 0-1

[Event "7. Lichtenberger Sommer"]
[Site "Berlin"]
[Date "2008.08.19"]
[Round "4.6"]
[White "Figura, Atila Gajo"]
[Black "Rohde, Wolfgang"]
[Result "1-0"]
[WhiteElo "2407"]
[BlackElo "2198"]
[PlyCount "103"]
[EventDate "2008.??.??"]
[WhiteTeam "SC Kreuzberg e.V."]
[BlackTeam "SC Friesen Lichtenberg e.V."]

1. d4 d5 2. c4 e6 3. Nf3 Nf6 4. g3 c5 5. Bg2 Nc6 6. O-O dxc4 7. dxc5 Qxd1 8.
Rxd1 Bxc5 9. Nbd2 O-O 10. Nxc4 Ne4 11. e3 Be7 12. Nfe5 Nxe5 13. Nxe5 Nc5 14. b3
f6 15. Nc4 Rb8 16. Na5 Na6 17. Bd2 Rd8 18. Be1 Kf8 19. Rac1 Ba3 20. Rc4 e5 21.
b4 Be6 22. Rh4 Rd7 23. f4 exf4 24. Rxf4 Bb2 25. Rb1 Be5 26. Rf2 Kf7 27. Rc1 Bd6
28. b5 Nb4 29. Rd1 Bc5 30. Rxd7+ Bxd7 31. Bxb4 Bxb4 32. Nxb7 Rc8 33. Bd5+ Ke7
34. Rf4 Rc1+ 35. Kf2 Be1+ 36. Kf3 Bxb5 37. a4 Ba6 38. Rd4 Bc3 39. Re4+ Kf8 40.
Nc5 Bc8 41. Nb3 Rc2 42. Rc4 Ba6 43. Rc7 Bf1 44. e4 Be2+ 45. Ke3 Bf1 46. Nc5
Bd2+ 47. Kf3 Rc3+ 48. Kf2 Bh3 49. Ke2 Be3 50. Ne6+ Bxe6 51. Rxc3 Bxd5 52. Kxe3
1-0

[Event "7. Lichtenberger Sommer"]
[Site "Berlin"]
[Date "2008.08.19"]
[Round "4.7"]
[White "Niehaus, Frank"]
[Black "Kiesekamp, Marcos"]
[Result "1-0"]
[WhiteElo "2185"]
[BlackElo "2316"]
[PlyCount "103"]
[EventDate "2008.??.??"]
[WhiteTeam "Sfrd. Berlin 1903 e.V."]
[BlackTeam "TuS Makkabi Berlin e.V."]

1. e4 e5 2. Nf3 Nc6 3. Bb5 f5 4. d3 fxe4 5. dxe4 Nf6 6. O-O Bc5 7. Qd3 Qe7 8.
Bg5 d6 9. Nc3 Be6 10. Nd5 Qf7 11. b4 Bb6 12. a4 Nxd5 13. exd5 Bxd5 14. a5 e4
15. Rae1 O-O 16. Rxe4 Bxe4 17. Qxe4 d5 18. Qg4 Qf5 19. Qxf5 Rxf5 20. axb6 axb6
21. Bd3 Rff8 22. Bd2 Ra2 23. Ng5 h6 24. Ne6 Rf7 25. f4 Re7 26. Re1 Ra4 27. f5
Nxb4 28. Bb5 Nxc2 29. Bxa4 Nxe1 30. Bxe1 g6 31. g4 c6 32. Bg3 Kf7 33. Bc2 gxf5
34. gxf5 Re8 35. Bh4 Ra8 36. Bd3 c5 37. Nd8+ Kg8 38. f6 Rxd8 39. f7+ Kxf7 40.
Bxd8 c4 41. Bf5 b5 42. Ba5 Kf6 43. Bh7 Ke5 44. Kf2 Kd4 45. Bb4 h5 46. Ke2 Ke5
47. Bg6 h4 48. Be8 d4 49. Bxb5 Kd5 50. Be7 h3 51. Bd7 Ke4 52. Bxh3 1-0

[Event "7. Lichtenberger Sommer"]
[Site "Berlin"]
[Date "2008.08.19"]
[Round "4.8"]
[White "Wendt, Jan-Dietrich"]
[Black "Gebigke, Martin"]
[Result "1-0"]
[WhiteElo "2372"]
[BlackElo "2151"]
[PlyCount "99"]
[EventDate "2008.??.??"]
[WhiteTeam "Sfrd. Berlin 1903 e.V."]
[BlackTeam "SV Berolina Mitte e.V."]

1. d4 Nf6 2. Nf3 e6 3. c4 b6 4. g3 Bb7 5. Bg2 Be7 6. O-O O-O 7. Re1 d5 8. cxd5
exd5 9. Nc3 Na6 10. Bf4 c5 11. dxc5 Nxc5 12. Rc1 Nfe4 13. Be5 Re8 14. Nb5 Bf8
15. b4 Ne6 16. Qb3 a6 17. Nbd4 Nxd4 18. Bxd4 Qd6 19. a3 Bc8 20. Red1 Bd7 21.
Be3 Nf6 22. Ne1 Bb5 23. Nd3 Bc4 24. Qb2 a5 25. Nf4 b5 26. Bc5 Qc6 27. Bxf8 Rxf8
28. Nxd5 Nxd5 29. Bxd5 Bxd5 30. Rxc6 Bxc6 31. f3 axb4 32. axb4 Rfd8 33. Rxd8+
Rxd8 34. Qe5 Ra8 35. Kf2 h6 36. h4 Rf8 37. h5 Ra8 38. g4 Rf8 39. Qd6 Rc8 40.
Kg3 Be8 41. e4 Rc6 42. Qd5 Re6 43. e5 Bc6 44. Qd8+ Kh7 45. f4 f6 46. exf6 gxf6
47. Qc8 Re3+ 48. Kf2 Rf3+ 49. Ke2 Rc3 50. Qf5+ 1-0

[Event "7. Lichtenberger Sommer"]
[Site "Berlin"]
[Date "2008.08.19"]
[Round "4.10"]
[White "Kurzweil, Thomas"]
[Black "Thinius, Marco"]
[Result "0-1"]
[WhiteElo "1985"]
[BlackElo "2387"]
[PlyCount "68"]
[EventDate "2008.??.??"]
[WhiteTeam "Spgem Kötz/Ichenhausen"]
[BlackTeam "Sfrd. Berlin 1903 e.V."]

1. d4 Nf6 2. Nf3 g6 3. Bf4 Bg7 4. c3 d6 5. Nbd2 O-O 6. e3 Nbd7 7. Be2 Qe8 8.
Qc2 e5 9. Bg3 a6 10. dxe5 dxe5 11. h3 b6 12. O-O Bb7 13. Rad1 e4 14. Nd4 Ne5
15. Nc4 Nfd7 16. Nxe5 Nxe5 17. Qb3 Qe7 18. Bxe5 Bxe5 19. Rd2 Rad8 20. Rfd1 c5
21. Nc2 Rxd2 22. Rxd2 Rd8 23. Rxd8+ Qxd8 24. Ne1 b5 25. Qc2 h5 26. a4 Bc6 27.
axb5 axb5 28. Qc1 Bc7 29. f4 Qh4 30. c4 b4 31. Nc2 g5 32. Qa1 b3 33. Na3 gxf4
34. Qd1 f3 0-1

[Event "7. Lichtenberger Sommer"]
[Site "Berlin"]
[Date "2008.08.19"]
[Round "4.11"]
[White "Von Herman, Ulf"]
[Black "Kapp, Stefan"]
[Result "1-0"]
[WhiteElo "2374"]
[BlackElo "2093"]
[PlyCount "133"]
[EventDate "2008.??.??"]
[WhiteTeam "SK König Tegel 1949 e.V."]
[BlackTeam "TSV IFA Chemnitz"]

1. d4 d5 2. c4 e6 3. Nc3 Nf6 4. Bg5 Be7 5. Nf3 c6 6. e3 Nbd7 7. Qc2 h6 8. Bf4
Bb4 9. Bd3 dxc4 10. Bxc4 Nb6 11. Be2 Nbd5 12. O-O Nxf4 13. exf4 O-O 14. Rfd1
Nd5 15. g3 Bxc3 16. bxc3 Qa5 17. Rdc1 c5 18. Ne5 Rd8 19. Rab1 Qc7 20. Qb3 b6
21. Qa3 g5 22. c4 Nf6 23. fxg5 Rxd4 24. Bf3 Ne4 25. Ng4 Bb7 26. Bxe4 Bxe4 27.
Nf6+ Kf8 28. Nxe4 Rxe4 29. gxh6 Rd8 30. Rd1 Rxc4 31. Rxd8+ Qxd8 32. Qxa7 Rd4
33. h4 Rd1+ 34. Rxd1 Qxd1+ 35. Kh2 Qd6 36. Qa8+ Ke7 37. Kg2 Qd3 38. g4 c4 39.
Qf3 Qg6 40. g5 b5 41. Qb7+ Kf8 42. Qc8+ Ke7 43. Qc5+ Kd8 44. Qd4+ Ke7 45. a4
bxa4 46. Qxc4 a3 47. Qc7+ Ke8 48. Qb8+ Kd7 49. Qa7+ Ke8 50. Qa8+ Kd7 51. Qa4+
Kd8 52. Qa8+ Ke7 53. Qa7+ Ke8 54. Qa8+ Kd7 55. Qxa3 Qe4+ 56. Qf3 Qxh4 57. Qxf7+
Kd8 58. Qf8+ Kd7 59. Qg7+ Ke8 60. f3 Qc4 61. Kg3 Qf1 62. Qh8+ Kd7 63. Qd4+ Ke7
64. h7 Qe1+ 65. Kg4 Qh1 66. h8=Q Qg2+ 67. Kf4 1-0

[Event "7. Lichtenberger Sommer"]
[Site "Berlin"]
[Date "2008.08.19"]
[Round "4.12"]
[White "Rietze, Clemens"]
[Black "Buttkus, Andre"]
[Result "1/2-1/2"]
[WhiteElo "2128"]
[BlackElo "2050"]
[PlyCount "79"]
[EventDate "2008.??.??"]
[WhiteTeam "ESV Lok Falkenberg e.V."]
[BlackTeam "SK Tempelhof 1931 e.V."]

1. d4 Nf6 2. c4 e6 3. Nf3 Bb4+ 4. Bd2 Qe7 5. g3 O-O 6. Bg2 Ne4 7. O-O Bxd2 8.
Nfxd2 Nxd2 9. Qxd2 d6 10. Nc3 Nc6 11. Rac1 Bd7 12. d5 Ne5 13. b3 Rab8 14. f4
Ng4 15. e4 e5 16. h3 Nf6 17. Kh2 Rfc8 18. Qf2 a6 19. Rc2 b5 20. cxb5 axb5 21.
b4 c5 22. dxc6 Bxc6 23. Rfc1 Bd7 24. a3 h5 25. f5 Ra8 26. Qe2 Rc4 27. Nxb5 Bxb5
28. Rxc4 Bxc4 29. Rxc4 Rxa3 30. Rc8+ Kh7 31. Qb2 Qa7 32. Qe2 Ra1 33. Bf1 Qa4
34. Qb5 Qd1 35. Qb8 Kh6 36. Rh8+ Kg5 37. h4+ Kg4 38. Bh3+ Kf3 39. Bg2+ Kg4 40.
Bh3+ 1/2-1/2

[Event "7. Lichtenberger Sommer"]
[Site "Berlin"]
[Date "2008.08.19"]
[Round "4.13"]
[White "Ozeran, Volodymyr"]
[Black "Kapp, Martin"]
[Result "0-1"]
[WhiteElo "1967"]
[BlackElo "2072"]
[PlyCount "112"]
[EventDate "2008.??.??"]
[WhiteTeam "SK Dessau 93 e. V."]
[BlackTeam "TSV IFA Chemnitz"]

1. f4 d5 2. b3 Bg4 3. Bb2 e6 4. g3 h5 5. Bg2 h4 6. h3 hxg3 7. hxg4 Rxh1 8. Bxh1
Qh4 9. Bg2 Nf6 10. Nf3 Qxg4 11. Bxf6 gxf6 12. e3 Nc6 13. Qe2 Qg6 14. Qd3 Qxd3
15. cxd3 Nb4 16. Kd1 Nxd3 17. Nc3 O-O-O 18. Ke2 Nf2 19. Kf1 Bb4 20. a3 Bd6 21.
d4 c6 22. Ne2 Ng4 23. Nxg3 Nxe3+ 24. Kf2 Bxf4 25. Nh5 Ng4+ 26. Ke2 Bd6 27. a4
Rh8 28. Rh1 Rh6 29. Ng7 Rxh1 30. Bxh1 Kd7 31. Bg2 f5 32. Bh3 Nf6 33. Ne5+ Ke7
34. Bxf5 Kf8 35. Nxe6+ fxe6 36. Bxe6 Ne4 37. Bc8 Bxe5 38. dxe5 b6 39. Bb7 c5
40. Kd3 c4+ 41. Kc2 cxb3+ 42. Kb2 Nc5 43. Bxd5 Nxa4+ 44. Kxb3 Nc5+ 45. Kb4 Ke7
46. Kb5 Kd7 47. Bf7 Kc7 48. Kc4 a5 49. Kb5 Nd3 50. e6 Ne5 51. Be8 Nf3 52. Bf7
Nd4+ 53. Kc4 Nf5 54. Kd5 Kd8 55. Kc6 Ke7 56. Bh5 a4 0-1

[Event "7. Lichtenberger Sommer"]
[Site "Berlin"]
[Date "2008.08.19"]
[Round "4.14"]
[White "Reichenbach, Werner"]
[Black "Mielke, Norman"]
[Result "1/2-1/2"]
[WhiteElo "2305"]
[BlackElo "2035"]
[PlyCount "172"]
[EventDate "2008.??.??"]
[WhiteTeam "Schachclub Schwante"]
[BlackTeam "Schachgemeinschaft  Wedding e.V."]

1. d4 d5 2. c4 dxc4 3. e4 e5 4. Nf3 exd4 5. Qxd4 Qxd4 6. Nxd4 Nf6 7. Nc3 Bc5 8.
Ndb5 Na6 9. Bxc4 c6 10. Na3 Nc7 11. Nc2 Be6 12. Be2 Bg4 13. f3 Bd7 14. Be3 Bxe3
15. Nxe3 O-O-O 16. O-O-O Be6 17. Kc2 Rxd1 18. Rxd1 Rd8 19. Re1 Nd7 20. f4 f6
21. g3 Nb6 22. b3 Re8 23. Bd3 h6 24. b4 Rd8 25. Rb1 Ne8 26. a3 Nd6 27. Rd1 Ndc4
28. Bxc4 Nxc4 29. Rxd8+ Kxd8 30. Nxc4 Bxc4 31. Nd1 Kd7 32. Kc3 Be2 33. Ne3 g6
34. Kd2 Bf3 35. Kd3 b6 36. Nc4 Ke6 37. Ke3 Bd1 38. Kd4 Be2 39. Nd2 Kd6 40. Ke3
Bd1 41. Nc4+ Ke6 42. Kd3 Bf3 43. Ne3 Kd6 44. Kd4 Be2 45. Ng2 Bg4 46. Nh4 g5 47.
Ng2 c5+ 48. bxc5+ bxc5+ 49. Kd3 c4+ 50. Kd4 Bf3 51. Ne3 c3 52. Kxc3 Bxe4 53.
Kd4 f5 54. fxg5 hxg5 55. h4 gxh4 56. gxh4 Bb1 57. Ng2 Ke6 58. Nf4+ Kf6 59. Kd5
Bc2 60. Kd6 Bb3 61. Ng2 Bc2 62. Nf4 Bd1 63. Kd5 a5 64. Kd4 Bc2 65. Ke3 Be4 66.
Nh5+ Ke5 67. Nf4 Kf6 68. Kf2 Bc6 69. Kg3 Be4 70. Nh3 Kg6 71. Ng5 Bc2 72. Ne6
Kf6 73. Nd4 Bd3 74. Kf4 Kg6 75. Ne6 Kh5 76. Kg3 Bb1 77. Nf4+ Kh6 78. Kf2 Bc2
79. Ke3 Bd1 80. Kd4 Bc2 81. Ke5 Bb1 82. Kd4 Kg7 83. Kc5 Bc2 84. Kb5 a4 85. Kc5
Kf6 86. Kd5 Bd1 1/2-1/2

[Event "7. Lichtenberger Sommer"]
[Site "Berlin"]
[Date "2008.08.19"]
[Round "4.15"]
[White "von Loehneysen, Leonard"]
[Black "Schatz, Dieter"]
[Result "1/2-1/2"]
[WhiteElo "1995"]
[BlackElo "2216"]
[PlyCount "45"]
[EventDate "2008.??.??"]
[WhiteTeam "SK Zehlendorf e.V."]
[BlackTeam "SK Landau"]

1. c4 e5 2. g3 Nc6 3. Bg2 g6 4. Nc3 Bg7 5. e4 d6 6. Nge2 Be6 7. d3 Qd7 8. Nd5
Nd8 9. O-O c6 10. Ne3 Nf6 11. f4 Bh3 12. f5 Bxg2 13. Kxg2 d5 14. cxd5 cxd5 15.
exd5 Nxd5 16. d4 Nc6 17. dxe5 Nxe3+ 18. Bxe3 Qxd1 19. Raxd1 Bxe5 20. b3 f6 21.
Nf4 gxf5 22. Ne6 Kf7 23. Nc5 1/2-1/2

[Event "7. Lichtenberger Sommer"]
[Site "Berlin"]
[Date "2008.08.19"]
[Round "4.16"]
[White "Kollberg, Lothar"]
[Black "Gebert, Ralf"]
[Result "1-0"]
[WhiteElo "2253"]
[BlackElo "2081"]
[PlyCount "73"]
[EventDate "2008.??.??"]
[WhiteTeam "SC Rotation Pankow e.V."]
[BlackTeam "SG Güstrow/Teterow"]

1. d4 e6 2. c4 b6 3. Nc3 Bb7 4. e4 Bb4 5. Qc2 Qh4 6. Bd3 f5 7. g3 Qh5 8. Be2
Qf7 9. Bf3 Nc6 10. Nge2 e5 11. d5 Nd4 12. Nxd4 exd4 13. a3 Bxc3+ 14. bxc3 dxc3
15. e5 Ne7 16. O-O O-O 17. Qxc3 Rae8 18. Bb2 Qg6 19. e6 Rf6 20. exd7 Rd8 21. d6
Rxd6 22. Bxb7 R6xd7 23. Bd5+ Kh8 24. Rad1 Nc6 25. Qc2 Na5 26. Bf3 Rxd1 27. Rxd1
Rxd1+ 28. Qxd1 Qd6 29. Qxd6 cxd6 30. Bd5 Nb3 31. Kf1 h6 32. Ke2 Kh7 33. Bf7 Nc5
34. Ke3 g6 35. h4 Ne4 36. Bd5 Nc5 37. Bf6 1-0

[Event "7. Lichtenberger Sommer"]
[Site "Berlin"]
[Date "2008.08.19"]
[Round "4.17"]
[White "Graudons, Karsten"]
[Black "Novkovic, Julia"]
[Result "0-1"]
[WhiteElo "1999"]
[BlackElo "2128"]
[PlyCount "79"]
[EventDate "2008.??.??"]
[WhiteTeam "USV Potsdam e.V., Abt. Schach"]
[BlackTeam "Dornbirn"]

1. Nf3 d6 2. c4 e5 3. Nc3 Nc6 4. g3 g6 5. Bg2 Bg7 6. O-O Be6 7. b3 h6 8. e3
Nge7 9. Bb2 O-O 10. d4 Bg4 11. d5 Nb8 12. h3 Bd7 13. Nd2 a5 14. f4 Nf5 15. Qf3
Na6 16. Nce4 Nxe3 17. Qxe3 exf4 18. Qxf4 Bxb2 19. Qxh6 Bg7 20. Qf4 Be5 21. Qh6
Bg7 22. Qf4 Bxa1 23. Rxa1 Kg7 24. Rf1 f5 25. Ng5 Qf6 26. Ndf3 Rae8 27. h4 Qc3
28. h5 Qe3+ 29. Qxe3 Rxe3 30. hxg6 Nc5 31. Kf2 Rc3 32. Nh4 Ne4+ 33. Bxe4 fxe4+
34. Nf7 Be8 35. g4 Bxf7 36. gxf7 Rxf7+ 37. Nf5+ Kf6 38. Ke2 Ke5 39. Rh1 Kf4 40.
Ne3 0-1

[Event "7. Lichtenberger Sommer"]
[Site "Berlin"]
[Date "2008.08.19"]
[Round "4.18"]
[White "Pueschel, Werner"]
[Black "Kuehnemund, Lutz"]
[Result "0-1"]
[WhiteElo "2189"]
[BlackElo "1920"]
[PlyCount "134"]
[EventDate "2008.??.??"]
[WhiteTeam "SG Lasker Steglitz-Wilmersdorf"]
[BlackTeam "SC Friesen Lichtenberg e.V."]

1. c3 Nf6 2. d3 d5 3. g3 g6 4. Bg2 Bg7 5. Nd2 e5 6. Qc2 O-O 7. Ngf3 Re8 8. e4
c6 9. O-O Nbd7 10. Re1 Rb8 11. b4 Qc7 12. Bb2 b6 13. Rad1 Bb7 14. Qb3 h6 15. h3
Rbd8 16. Nh2 Qb8 17. Nhf1 Qc7 18. Ne3 Nf8 19. exd5 cxd5 20. d4 e4 21. b5 Nh5
22. c4 f5 23. cxd5 Kh7 24. Ndc4 Rxd5 25. Ne5 Rdd8 26. Rc1 Qe7 27. Nc6 Bxc6 28.
bxc6 Ne6 29. Nd5 Qd6 30. c7 Rc8 31. g4 Nf6 32. Nxf6+ Bxf6 33. Ba3 Qd7 34. gxf5
gxf5 35. d5 Nxc7 36. d6 Ne6 37. Rxc8 Rxc8 38. Re3 Rg8 39. Kh1 Nd4 40. Qd1 Be5
41. Bb2 Qxd6 42. Bxd4 Qxd4 43. Qxd4 Bxd4 44. Re2 Rc8 45. Bf1 Kg6 46. Rd2 Rd8
47. Bb5 Kg5 48. Kg2 Kf4 49. a4 Rg8+ 50. Kf1 Ke5 51. Rc2 Bc5 52. Rd2 f4 53. Bc4
Rg7 54. Rd5+ Kf6 55. Rh5 f3 56. Rxh6+ Ke5 57. Re6+ Kd4 58. Bb5 Kd5 59. Re8 Rg2
60. Rd8+ Ke5 61. Re8+ Kf5 62. Bd7+ Kf4 63. Bc6 Rxf2+ 64. Ke1 e3 65. Re4+ Kf5
66. Rg4 a5 67. Be4+ Ke5 0-1

[Event "7. Lichtenberger Sommer"]
[Site "Berlin"]
[Date "2008.08.19"]
[Round "4.19"]
[White "Skibbe, Willi"]
[Black "Richter, Goetz"]
[Result "1/2-1/2"]
[WhiteElo "2183"]
[BlackElo "1997"]
[PlyCount "143"]
[EventDate "2008.??.??"]
[WhiteTeam "SV 1861 Liebschwitz"]
[BlackTeam "Klub Kölner Schachfreunde e.V. 1"]

1. d4 Nf6 2. Nf3 e6 3. Bf4 b6 4. Nbd2 Bb7 5. e3 d6 6. Bd3 Nbd7 7. O-O h6 8. h3
Qe7 9. e4 g5 10. Bg3 Nh5 11. c3 Nf4 12. Bb5 Bg7 13. Re1 a6 14. Bf1 Nf8 15. Nh4
N8g6 16. Nf5 Qf6 17. Nxg7+ Qxg7 18. Bh2 Ne7 19. g3 Nfg6 20. Bg2 O-O 21. Nf1 e5
22. dxe5 dxe5 23. Ne3 Rad8 24. Qc2 Bc8 25. Nf5 Qh8 26. Rad1 Kh7 27. Bf1 Qf6 28.
Ne3 Kg7 29. Qa4 h5 30. Qc4 c6 31. Qe2 b5 32. Rxd8 Rxd8 33. Rd1 Rd6 34. Rxd6
Qxd6 35. Qxh5 f6 36. Qd1 Qxd1 37. Nxd1 Be6 38. a3 Nc8 39. Ne3 Nb6 40. b4 Na4
41. c4 Nc3 42. cxb5 axb5 43. Bd3 Kf7 44. f3 Ba2 45. Kf2 Ke6 46. Bg1 Nb1 47. Nc2
Kd6 48. Ke2 Be6 49. Bc5+ Kd7 50. Bf2 Bxh3 51. Be1 Be6 52. a4 bxa4 53. Kd1 Bb3
54. Kc1 Bxc2 55. Bxc2 Na3 56. Bxa4 Nf8 57. Bb3 Ne6 58. Bf2 Nb5 59. Bxe6+ Kxe6
60. Kd2 Kd6 61. Kd3 Nc7 62. Be1 Ne6 63. Bc3 Kc7 64. Kc4 Kd7 65. Bd2 Nd4 66. f4
Nf3 67. Be3 gxf4 68. gxf4 exf4 69. Bxf4 Ng5 70. Kd3 Ke6 71. Bd2 Nf7 72. Bc3
1/2-1/2

[Event "7. Lichtenberger Sommer"]
[Site "Berlin"]
[Date "2008.08.19"]
[Round "4.20"]
[White "Gohlke, Herbert"]
[Black "Schnitzer, Peter"]
[Result "1/2-1/2"]
[WhiteElo "2089"]
[BlackElo "2176"]
[PlyCount "71"]
[EventDate "2008.??.??"]
[WhiteTeam "SG Lok Brandenburg, Abt. Schach"]
[BlackTeam "SC Kreuzberg e.V."]

1. e4 c5 2. f4 d5 3. e5 Nc6 4. Nf3 Bg4 5. Be2 e6 6. O-O Nge7 7. b3 Nf5 8. Bb2
Be7 9. Nc3 O-O 10. h3 Bxf3 11. Bxf3 a6 12. Ne2 Rc8 13. Rc1 Qb6 14. Kh2 c4 15.
g4 Nfd4 16. Nxd4 Nxd4 17. Bg2 cxb3 18. axb3 f6 19. Bxd4 Qxd4 20. c3 Qb6 21.
exf6 Rxf6 22. Kh1 Rcf8 23. f5 exf5 24. Bxd5+ Kh8 25. Qe2 Ba3 26. Rce1 fxg4 27.
Rxf6 Rxf6 28. Qxg4 Qf2 29. Rg1 Bf8 30. Qg2 Qb6 31. Rf1 a5 32. Rxf6 Qxf6 33. Qf3
Qxf3+ 34. Bxf3 b6 35. Kg2 g6 36. Kf2 1/2-1/2

[Event "7. Lichtenberger Sommer"]
[Site "Berlin"]
[Date "2008.08.19"]
[Round "4.21"]
[White "Berendsen, Markus"]
[Black "Dimitrijeski, Kristian"]
[Result "0-1"]
[WhiteElo "2123"]
[BlackElo "2167"]
[PlyCount "72"]
[EventDate "2008.??.??"]
[WhiteTeam "Oberhausen Schachverein 1887 e.V"]
[BlackTeam "Sfrd. Berlin 1903 e.V."]

1. c4 e5 2. g3 Nf6 3. Bg2 g6 4. Nc3 Bg7 5. e4 O-O 6. Nge2 d6 7. O-O Be6 8. d3
Qd7 9. b4 Nc6 10. Rb1 Bh3 11. f3 Bxg2 12. Kxg2 Ne7 13. Be3 Nh5 14. d4 exd4 15.
Bxd4 Bxd4 16. Nxd4 Ng7 17. Qd3 f5 18. exf5 Ngxf5 19. Rbe1 Nxd4 20. Qxd4 Nc6 21.
Qd5+ Qf7 22. a3 Ne5 23. c5 Nc4 24. cxd6 Nxd6 25. Qxf7+ Rxf7 26. Ne4 Nc4 27. a4
Rd8 28. Kf2 Nb2 29. Rb1 Nxa4 30. Ra1 b5 31. Rfd1 Rxd1 32. Rxd1 Kg7 33. Ke2 Nb6
34. Ra1 Nd5 35. Rxa7 Nxb4 36. Ra5 c6 0-1

[Event "7. Lichtenberger Sommer"]
[Site "Berlin"]
[Date "2008.08.19"]
[Round "4.22"]
[White "Schleich, Theodor"]
[Black "Oswald, Michael"]
[Result "0-1"]
[WhiteElo "2099"]
[BlackElo "2123"]
[PlyCount "62"]
[EventDate "2008.??.??"]
[WhiteTeam "FC Bayern München e.V."]
[BlackTeam "1. Schachclub Anhalt"]

1. d4 f5 2. Bg5 g6 3. Nd2 Bg7 4. e4 h6 5. Be3 fxe4 6. Nxe4 d5 7. Ng3 e5 8. dxe5
Bxe5 9. c3 Nc6 10. Qc2 Qf6 11. Nf3 Bg4 12. Nxe5 Nxe5 13. h3 Be6 14. f4 Qh4 15.
Qa4+ Bd7 16. Qd4 Qxg3+ 17. Bf2 Nf3+ 18. gxf3 Qxf3 19. Kd2 Nf6 20. Bd3 O-O-O 21.
Qxa7 Bc6 22. Kc2 d4 23. Bxd4 Qg2+ 24. Kb3 Bd5+ 25. Ka3 Kd7 26. Bb5+ Ke6 27.
Rae1+ Kf7 28. Qc5 Ra8+ 29. Ba4 Rxa4+ 30. Kxa4 Ra8+ 31. Kb5 c6+ 0-1

[Event "7. Lichtenberger Sommer"]
[Site "Berlin"]
[Date "2008.08.19"]
[Round "4.23"]
[White "Muskewitz, Bernd"]
[Black "Gschwendtner, Klaus"]
[Result "0-1"]
[WhiteElo "2030"]
[BlackElo "2078"]
[PlyCount "74"]
[EventDate "2008.??.??"]
[WhiteTeam "TSG Oberschöneweide e.V."]
[BlackTeam "SC Starnberg"]

1. d4 Nf6 2. c4 e6 3. Nf3 d5 4. Nc3 Be7 5. e3 O-O 6. Bd3 dxc4 7. Bxc4 c5 8. O-O
a6 9. a4 Nc6 10. Qe2 cxd4 11. exd4 Nxd4 12. Nxd4 Qxd4 13. Rd1 Qg4 14. Qf1 e5
15. Be3 Be6 16. Be2 Qb4 17. Bd2 Qh4 18. g3 Qh3 19. Bf3 Qxf1+ 20. Kxf1 Bg4 21.
Bxg4 Nxg4 22. f3 Nf6 23. Bg5 Rfd8 24. Ne4 Kf8 25. Nxf6 Bxf6 26. Bxf6 gxf6 27.
g4 Ke7 28. Kf2 Rac8 29. Ke3 Rxd1 30. Rxd1 Rc2 31. Rd2 Rxd2 32. Kxd2 Ke6 33. Kd3
f5 34. g5 f6 35. h4 fxg5 36. hxg5 Kd5 37. b4 b6 0-1